The state of world fisheries and aquaculture 2000
The book continues to be to provide policy-makers, civil society and those who derive their livelihood from the sector a comprehensive, objective and global view of capture fisheries and aquaculture, including associated policy issues.
Gorde:
| Erakunde egilea: | |
|---|---|
| Formatua: | Liburua |
| Hizkuntza: | Undetermined |
| Argitaratua: |
Rome
FAO
2000
|
| Gaiak: | |
| Etiketak: |
Etiketa erantsi
Etiketarik gabe, Izan zaitez lehena erregistro honi etiketa jartzen!
|
| Thư viện lưu trữ: | Trung tâm Học liệu Trường Đại học Cần Thơ |
|---|
| LEADER | 00824nam a2200205Ia 4500 | ||
|---|---|---|---|
| 001 | CTU_42706 | ||
| 008 | 210402s9999 xx 000 0 und d | ||
| 082 | |a 338.3727 | ||
| 082 | |b F218 | ||
| 110 | |a FAO Fisheries Department | ||
| 245 | 4 | |a The state of world fisheries and aquaculture 2000 | |
| 245 | 0 | |c FAO Fisheries Department | |
| 260 | |a Rome | ||
| 260 | |b FAO | ||
| 260 | |c 2000 | ||
| 520 | |a The book continues to be to provide policy-makers, civil society and those who derive their livelihood from the sector a comprehensive, objective and global view of capture fisheries and aquaculture, including associated policy issues. | ||
| 650 | |a Agriculture and state,Fisheries | ||
| 650 | |x Economic aspects | ||
| 904 | |i Nguyễn Quang Điền, 010704 | ||
| 980 | |a Trung tâm Học liệu Trường Đại học Cần Thơ | ||